[Event "Olympiad"]
[Site "masterchessopen.com Turin (Italy)"]
[Date "2006.06.03"]
[Round "12"]
[White "Cheparinov Ivan (BUL)"]
[Black "Pavasovic Dusko (SLO)"]
[Result "1-0"]
[WhiteElo "2632"]
[BlackElo "2575"]

{ Cheparinov Ivan (BUL) +0 =1 -2 Pavasovic Dusko (SLO) +1 =1 -0 } 1.e4 e5
2.Nf3 Nc6 3.Bb5 a6 4.Ba4 Nf6 5.O-O Be7 6.Re1 b5 7.Bb3 d6 8.c3 O-O 9.h3 Nb8
10.d4 Nbd7 11.Nbd2 Bb7 12.Bc2 Re8 13.Nf1 Bf8 14.Ng3 g6 15.Bg5 ( 15.a4 Bg7
16.Bd3 c6 17.Bg5 h6 18.Bd2 Qc7 19.Qc1 h5 20.Bh6 Nh7 21.Bxg7 Kxg7 22.Qd2 Ndf8
23.Bc2 Rad8 24.b4 Ne6 25.Bb3 Nf4 26.Ne2 Nxe2+ 27.Rxe2 f6 28.Qe3 Nf8 29.Nh4
bxa4 30.Rxa4 d5 31.Qg3 dxe4 32.Rxe4 c5 33.Nf5+ Kh8 34.Rh4 c4 { ...1/2-1/2,
Cheparinov Ivan 2576 - Socko Bartosz 2570 , Linares 2003 It (open) } ) 15...h6
16.Bd2 { = } 16...exd4 ( 16...Bg7 17.Qc1 Kh7 18.h4 c5 19.d5 c4 20.h5 Nxh5
21.Nxh5 gxh5 22.g3 Nc5 23.b4 Nd3 24.Bxd3 cxd3 25.Nh4 Bc8 26.Kg2 f5 27.Qd1 fxe4
28.Qxh5 Qf6 29.Rxe4 Bb7 30.Rg4 Bxd5+ 31.f3 Bf7 32.Qf5+ Qxf5 33.Nxf5 Bg6
34.Nxd6 Red8 35.Ne4 a5 36.bxa5 { ...1/2-1/2, Sutovsky Emil 2654 - Harikrishna
P 2673 , Hoogeveen 23.10.2005 It (cat.16) } ) ( 16...c5 17.d5 c4 18.b4 cxb3
19.axb3 Qc7 20.Bd3 Nc5 21.Bf1 Reb8 22.c4 bxc4 23.Ba5 Qe7 24.Bxc4 Bc8 25.Ra3
Bd7 26.Qe2 Bb5 27.Rc1 Bxc4 28.Qxc4 Rc8 29.Qe2 Qb7 30.Rc3 Qb5 31.Qc2 Rcb8
32.Nd2 Nb7 33.Nc4 Nd7 34.Ne2 Rc8 35.Ra4 Ndc5 36.Ra1 { ...1/2-1/2, Adams
Michael 2731 - Bacrot Etienne 2653 , France 2001 Ch France (team) 2001 } )
17.cxd4 c5 18.d5 ( 18.Qc1 Kh7 19.d5 a5 20.a4 b4 { 1/2-1/2, Sax Gyula 2565 -
Dorfman Josif D 2610 , Burgas 1992 It } ) ( 18.Bf4 cxd4 19.Nxd4 Ne5 20.b3 d5
21.Qd2 dxe4 22.Nxe4 Nd5 23.Bg3 Rc8 24.Re2 f5 25.Bxe5 Rxe5 26.Ng3 Rxe2 27.Ngxe2
Nb4 28.Rd1 Nxc2 29.Nxc2 Qxd2 30.Rxd2 Rc7 31.Ne3 Kf7 32.h4 Bc8 33.Nf4 g5
34.hxg5 hxg5 35.Nd3 Bg7 36.Nd5 Rc6 37.N5b4 Rc7 { ...1/2-1/2, Fischer Robert J
2785 - Spassky Boris V 2560 , Sveti-Stefan/Belgrade 1992 Match } ) 18...Bg7 {
+0.07 CAP } ( 18...Nb6 19.Ba5 Nfd7 20.b3 Bg7 21.Rc1 Qf6 22.Rb1 b4 23.Ne2 Qe7
24.a3 bxa3 25.Bc3 f5 26.Bxg7 Qxg7 27.Nf4 fxe4 28.Nh4 g5 29.Ne6 Qf6 30.Qg4 Nxd5
31.Nxg5 hxg5 32.Qxd7 Nb4 33.Qxb7 Nxc2 34.Rxe4 a2 35.Rf1 Nb4 36.Rg4 a1=Q
37.Rxa1 Qxa1+ 38.Kh2 { ...0-1, Fischer Robert J 2785 - Spassky Boris V 2560 ,
Sveti-Stefan/Belgrade 1992 Match } ) ( 18...a5 19.h4 h5 20.Qc1 Ng4 21.Ng5 Bg7
22.Bd1 Nde5 23.f4 Nd3 24.Qc2 Nxe1 25.Bxe1 Ne3 26.Qe2 Nxd1 27.Rxd1 b4 28.f5 Bc8
29.Bd2 Ra7 30.Qf3 Qf6 31.Rf1 Ree7 32.Qd1 Ba6 33.Rf3 Qxb2 34.fxg6 fxg6 35.Ne6
Rf7 36.Rb3 Qa1 37.Bc1 a4 38.Nxg7 { ...0-1, Csolto Robert 2346 - Njirjak Josip
2356 , Bratislava 1993 Ch World (juniors) (under 14) } ) 19.Bf4 { N } ( 19.a4
Nb6 20.Ba5 Nfd7 21.Rb1 b4 22.Nd2 Bd4 23.Nf3 Bg7 24.Nf1 Qb8 25.N1d2 Nc8 26.Nc4
Na7 27.Qd2 Nb5 28.Bd3 Bc8 29.Ra1 Nd4 30.Nxd4 Bxd4 31.Kh1 Ne5 32.f4 Nxc4
33.Bxc4 Bb7 34.Bxb4 Qd8 35.Bc3 { 1-0, Borocz Istvan 2410 - Volzhin Alexander
2460 , Budapest 1995 It (cat.7) } ) ( 19.Nh2 h5 20.Bg5 Qc7 21.Qd2 Nh7 22.Nf3
Bxb2 23.Rad1 Ne5 24.Nxe5 Bxe5 25.Bh6 Qe7 26.f4 Bg7 27.Bxg7 Kxg7 28.e5 Qh4
29.Kh2 dxe5 30.fxe5 Rad8 31.Qf2 Qg5 32.e6 fxe6 33.dxe6 Nf6 34.Rxd8 Rxd8 35.e7
Rd2 36.Re2 Rxe2 37.Qxe2 h4 38.Nf1 Qf4+ { ...1/2-1/2, Fernando Perez Ramos -
Vega Viejo Marcelino 2131 , El Berron 1993 Ch Asturias (qual.) } ) ( 19.Qc1
Kh7 20.a4 Nb6 21.axb5 axb5 22.Rxa8 Bxa8 23.b3 Nfd7 24.Bd3 c4 25.bxc4 Nc5
26.Bf1 Nb3 27.Qb1 Nxd2 28.Nxd2 Bc3 29.Rd1 Bxd2 30.Rxd2 Nxc4 31.Bxc4 bxc4
32.Qb5 Qb8 33.Qxc4 Rc8 34.Qd4 Rc1+ 35.Rd1 Rc2 36.Ra1 Bb7 37.Rb1 Qc7 38.Qa7
Rc1+ { ...1-0, Sanfilippo Dante 2079 - Sanhueza Cristian, Rosario 2001 Ch Club
Asturiano } ) 19...Nb6 20.Rc1 Nfd7 21.b3 Qe7 22.Qd2 h5 23.Bg5 Qf8 24.Nh4 Bb2
25.Re3 Re5 26.Ngf5 Nxd5 { ? } ( 26...gxf5 27.Rg3 f4 28.Bxf4+ Kh7 29.Rb1 Bd4
30.Bxe5 Bxe5 31.Rg5 Nf6 32.Nf5 b4 { } ) 27.exd5 Bxc1 28.Qxc1 Rxe3 29.Qxe3 Re8
30.Be7 gxf5 31.Nxf5 Kh8 32.Qc3+ { } {#r} 1-0

[Event "Ch Germany (juniors) (under 14)"]
[Site "masterchessopen.com Willingen (Germany)"]
[Date "2006.06.03"]
[Round "1"]
[White "Kaphle Stephan (GER)"]
[Black "Voelsgen Georg (GER)"]
[Result "1-0"]
[WhiteElo "2083"]
[BlackElo "1856"]

1.e4 e5 2.Nf3 Nc6 3.Bb5 a6 4.Ba4 Nf6 5.O-O Be7 6.Re1 b5 7.Bb3 d6 8.c3 O-O 9.h3
Nb8 10.d4 Nbd7 11.Nbd2 Bb7 12.Bc2 c5 13.d5 Re8 14.Nf1 g6 15.g3 Nb6 16.N3h2 Bc8
17.Ng4 h5 18.Nxf6+ Bxf6 19.h4 Ra7 20.Ne3 Bd7 21.b3 Qc8 22.a4 bxa4 23.bxa4 Qc7
24.a5 Nc8 25.Ba4 Bb5 26.c4 Bxa4 27.Qxa4 Ne7 28.Qxe8+ {#r} 1-0

[Event "It (open) \"]
[Site "masterchessopen.com Jyvaskyla (Finland)"]
[Date "2006.07.14"]
[Round "6"]
[White "Kosmo Santul (FIN)"]
[Black "Sammalvuo Tapani (FIN)"]
[Result "0-1"]
[WhiteElo "2280"]
[BlackElo "2444"]

1.e4 e5 2.Nf3 Nc6 3.Bb5 a6 4.Ba4 Nf6 5.O-O Be7 6.Re1 b5 7.Bb3 d6 8.c3 O-O 9.h3
Nb8 10.d4 Nbd7 11.c4 c6 12.c5 Qc7 13.cxd6 Bxd6 14.Bg5 exd4 15.Nxd4 h6 16.Bh4
Be5 17.Nc3 Nc5 18.Nf3 Bxc3 19.bxc3 Ncxe4 20.Qc2 Qf4 21.Re3 c5 22.Qe2 Bb7
23.Re1 c4 24.Bc2 Nxc3 25.Rxc3 Bxf3 26.Rxf3 Qxh4 27.g3 Qxh3 28.Rxf6 gxf6 29.Qe4
f5 30.Qf4 Rfe8 31.Re5 Rxe5 32.Qxe5 Rd8 {#R} 0-1

[Event "Ch Vietnam (juniors) (under 13)"]
[Site "masterchessopen.com Da Nang (Vietnam)"]
[Date "2006.07.23"]
[Round "8"]
[White "Bui Manh Hung (VIE)"]
[Black "Nguyen Khuong Duy (VIE)"]
[Result "0-1"]
[WhiteElo "1780"]
[BlackElo "1895"]

1.e4 e5 2.Nf3 Nc6 3.Bb5 a6 4.Ba4 Nf6 5.O-O Be7 6.Re1 b5 7.Bb3 O-O 8.c3 d6 9.h3
Nb8 10.d4 Nbd7 11.Nbd2 Bb7 12.Bc2 Re8 13.Nf1 Bf8 14.Ng3 g6 15.Nh2 Bg7 16.f4 c6
17.Nf3 Qc7 18.f5 Rad8 19.Bg5 d5 20.exd5 exd4 21.Ne4 dxc3 22.d6 Qb6+ 23.Be3 c5
24.Nxc3 Bxf3 25.Qxf3 Ne5 26.Qf2 Nfd7 27.Ne4 c4 {#R} 0-1

[Event "It (open)"]
[Site "masterchessopen.com Avoine (France)"]
[Date "2006.07.25"]
[Round "4"]
[White "Letonnelier Jean-Pierre (FRA)"]
[Black "Maleki Nicolas (FRA)"]
[Result "0-1"]
[WhiteElo "1963"]
[BlackElo "2131"]

1.e4 e5 2.Nf3 Nc6 3.Bb5 a6 4.Ba4 Nf6 5.O-O Be7 6.Re1 b5 7.Bb3 d6 8.c3 O-O 9.h3
Nb8 10.d4 Nbd7 11.Nbd2 Bb7 12.Bc2 Re8 13.Nf1 Bf8 14.Ng3 g6 15.Nh2 Bg7 16.d5
Nb6 17.Ng4 Nxg4 18.Qxg4 c6 19.dxc6 Bxc6 20.Bg5 f6 21.Bb3+ Nc4 22.Be3 Kh8
23.Bxc4 bxc4 24.Rad1 Qe7 25.Bc1 Bd7 26.Qe2 Be6 27.Qc2 Red8 28.h4 h5 29.Nf1 f5
30.Bg5 Bf6 31.Bxf6+ Qxf6 32.Ne3 f4 33.Nd5 Qxh4 34.f3 Bxd5 35.Rxd5 {#R} 0-1

[Event "It (open) (b1)"]
[Site "masterchessopen.com Pardubice (Czech Republic)"]
[Date "2006.07.26"]
[Round "6"]
[White "Aseeva Marina (RUS)"]
[Black "Kovar Vojtech (CZE)"]
[Result "1-0"]
[WhiteElo "2130"]
[BlackElo "2194"]

1.e4 e5 2.Nf3 Nc6 3.Bb5 a6 4.Ba4 Nf6 5.O-O Be7 6.Re1 b5 7.Bb3 d6 8.c3 O-O 9.h3
Nb8 10.d4 Nbd7 11.a4 Bb7 12.Nbd2 c5 13.d5 c4 14.Bc2 Nc5 15.b4 cxb3 16.Bxb3 Nd3
17.Re3 Nxc1 18.Rxc1 Nd7 19.Bc2 Nc5 20.axb5 axb5 21.Rb1 Ba6 22.Rb4 Qc7 23.c4
bxc4 24.Nxc4 Bxc4 25.Rxc4 Qa5 26.Re1 Rfb8 27.Bd3 g6 28.Rc1 Bd8 29.Bf1 Rb4
30.Qc2 Qa2 31.Qxa2 Rxa2 32.Nxe5 Bg5 33.Nd3 Rxe4 34.Rxc5 {#r} 1-0

[Event "Ch Slovenia (team) (youth)"]
[Site "masterchessopen.com Otocec (Slovenia)"]
[Date "2006.08.23"]
[Round "7"]
[White "Buzeti Jernej (SLO)"]
[Black "Miletic Dean (SLO)"]
[Result "1-0"]
[WhiteElo "2088"]
[BlackElo "2139"]

1.e4 e5 2.Nf3 Nc6 3.Bb5 a6 4.Ba4 Nf6 5.O-O Be7 6.Re1 b5 7.Bb3 O-O 8.h3 d6 9.c3
Nb8 10.d4 Nbd7 11.Nbd2 Bb7 12.Bc2 Re8 13.Nf1 Bf8 14.Ng3 g6 15.a4 c5 16.d5 c4
17.Bg5 h6 18.Be3 Nc5 19.Qd2 Kh7 20.Rf1 Nfd7 21.Nh2 Bg7 22.f4 exf4 23.Bxf4 Qe7
24.Nf3 Rf8 25.axb5 axb5 26.Rxa8 Bxa8 27.Nd4 Rb8 28.Ndf5 gxf5 29.Nxf5 Qf8
30.Bxd6 Qe8 31.Nxg7 Kxg7 32.Qd4+ f6 33.Bxc5 Qg6 34.Bd6 Rg8 35.Rf3 {#r} 1-0

[Event "It (open)"]
[Site "masterchessopen.com Trieste (Italy)"]
[Date "2006.09.09"]
[Round "9"]
[White "Dzhumaev Marat (UZB)"]
[Black "Mazi Leon (SLO)"]
[Result "0-1"]
[WhiteElo "2525"]
[BlackElo "2359"]

1.e4 e5 2.Nf3 Nc6 3.Bb5 a6 4.Ba4 Nf6 5.O-O Be7 6.Re1 b5 7.Bb3 d6 8.c3 O-O 9.h3
Nb8 10.d4 Nbd7 11.Nbd2 Bb7 12.Bc2 Re8 13.d5 c6 14.c4 bxc4 15.dxc6 Bxc6 16.Nxc4
Nc5 17.b4 Ncxe4 18.Na5 Bd5 19.Ng5 Nc3 20.Qd3 Rc8 21.Bb2 Nxa2 22.Nxh7 e4 23.Qd2
Nxb4 24.Ba4 Nd3 25.Nxf6+ Bxf6 26.Bxf6 Qxf6 27.Bxe8 Rxe8 28.Red1 Re5 29.Qe3 Qg6
30.Rab1 Rg5 31.g3 Rf5 32.Rxd3 Rf3 33.Qxf3 exf3 34.Rb8+ Kh7 35.Rxd5 Qe6 36.Rh5+
Kg6 {#R} 0-1

[Event "Ch Poland (team) (extraliga)"]
[Site "masterchessopen.com Ustron (Poland)"]
[Date "2006.09.09"]
[Round "8"]
[White "Navara David (CZE)"]
[Black "Socko Bartosz (POL)"]
[Result "1-0"]
[WhiteElo "2725"]
[BlackElo "2630"]

{ Navara David (CZE) +0 =0 -2 Socko Bartosz (POL) +8 =14 -6 Navara David
(CZE)-Socko Bartosz (POL) +0 =0 -1 } 1.e4 e5 2.Nf3 Nc6 3.Bb5 a6 4.Ba4 Nf6
5.O-O Be7 6.Re1 b5 7.Bb3 d6 8.c3 O-O 9.h3 Nb8 10.d4 Nbd7 11.Nbd2 Bb7 12.Bc2
Re8 13.Nf1 Bf8 14.Ng3 g6 15.b3 { ?/= } ( 15.a4 c6 16.Bg5 h6 17.Be3 Qc7 18.Qd2
Kh7 19.Bb3 Re7 20.Nh2 exd4 21.Bxd4 c5 22.Be3 Rae8 23.axb5 axb5 24.Ng4 Nxg4
25.hxg4 Ne5 26.f3 d5 27.Bf4 c4 28.Bc2 Rd7 29.exd5 Rxd5 30.Qf2 Bc5 31.Be3 Nxf3+
32.Qxf3 Rd3 33.Bxc5 Rxe1+ 34.Rxe1 Rxf3 { ...0-1, Navara David 2499 - Roiz
Michael 2514 , Athens 2001 Ch World (juniors) (under 20) } ) 15...d5 (
15...Bg7 16.d5 Rc8 17.c4 c6 18.Bd2 a5 19.Be3 Qc7 20.Bd3 bxc4 21.bxc4 Ba6
22.Bf1 Nc5 23.Bxc5 dxc5 24.Rb1 Bh6 25.Qc2 Rb8 26.Rxb8 Rxb8 27.dxc6 Bf4 28.Ne2
Qxc6 29.Nxf4 exf4 30.Qd2 Re8 31.e5 Nh5 32.Qxa5 Bb7 33.Nh2 f3 34.Nxf3 Nf4
35.Qd2 { ...1/2-1/2, Anand Viswanathan 2781 - Ponomariov Ruslan 2710 , Cap
d'Agde 2003 It (active) (knockout) } ) ( 15...c6 16.Bg5 Bg7 17.Qd2 Nf8 18.a4
Qc7 19.b4 bxa4 20.Bxa4 Ne6 21.Be3 Re7 22.Reb1 h5 23.Bb3 Rae8 24.dxe5 dxe5
25.Bc4 c5 26.Qc2 cxb4 27.Rxb4 Nc5 28.Bxc5 Qxc5 29.Qb3 Bc8 30.Bxa6 Be6 31.Bc4
Rc8 32.Raa4 Bh6 33.Rb5 Qd6 34.Rb6 Rc6 35.Rxc6 { ...1/2-1/2, Svidler Peter 2689
- Piket Jeroen 2649 , Internet 2000 It } ) 16.Bg5 ( 16.Nxe5 Nxe4 17.Bf4 f5
18.Ne2 b4 19.c4 dxc4 20.bxc4 Nxe5 21.Bxe5 Nxf2 22.Qc1 Rxe5 23.dxe5 Bc5 24.Kf1
Nxh3 25.Nf4 Qg5 26.Nd5 Qh4 27.Qd2 Qxc4+ 28.Re2 Ng1 29.Nf4 Kh8 30.Bb3 Qb5
31.Nxg6+ Kg7 32.Nf4 Nxe2 33.Qxe2 Qxe2+ 34.Kxe2 Be7 35.Rd1 Bc6 { ...1-0,
Fedorchuk Sergey A 2557 - Borisek Jure 2489 , Ljubljana 2003 It (open) } )
16...h6 ( 16...dxe4 17.Nxe5 h6 18.Nxd7 hxg5 19.Nxf6+ Qxf6 20.Bxe4 c6 21.b4 a5
22.a3 axb4 23.axb4 Rxa1 24.Qxa1 Bc8 25.Bc2 Rxe1+ 26.Qxe1 g4 27.hxg4 Bxg4
28.Qe3 Be6 29.Be4 Bc4 30.Bf3 Be7 31.Ne4 Qf5 32.g3 Bd5 33.Kg2 Kg7 34.Kg1 Kf8
35.Kg2 Kg7 36.Qe2 { ...1-0, Kasimdzhanov Rustam 2676 - Beliavsky Alexander G
2649 , Hyderabad 2002 Cup World FIDE (1/2 final) } ) 17.Bh4 g5 ( 17...dxe4
18.Nxe4 g5 19.dxe5 Nxe4 20.Bxe4 Bxe4 21.Rxe4 gxh4 22.Rd4 Re7 23.e6 fxe6 24.Ne5
Rg7 25.Rxd7 Qg5 26.Qf3 Rd8 27.Rxg7+ Qxg7 28.Re1 Bc5 29.Ng4 Qg6 30.Qf4 Bb6
31.Nxh6+ Kg7 32.Qxh4 Qf6 33.Qxf6+ Kxf6 34.Re2 Rd1+ 35.Kh2 Rc1 36.g4 Rxc3 37.h4
{ ...1-0, Polgar Judit 2630 - Spassky Boris V 2565 , Budapest 1993 Match } )
18.Nxg5 ( 18.dxe5 gxh4 19.Nf5 Nxe5 20.Nxe5 Rxe5 21.f4 Rxe4 { 0-1, Ayas
Fernandez Antonio 2336 - Beltran Rueda Santiago 2397 , Sitges 2003 It (open) }
) 18...hxg5 19.Bxg5 exd4 ( 19...dxe4 20.Bxe4 Bxe4 21.Rxe4 Qc8 22.Rh4 exd4
23.cxd4 Bg7 24.Nf5 Nf8 25.Qf3 Re6 26.d5 Re5 27.Nh6+ Bxh6 28.Bxf6 Bg7 29.Bxe5
Bxe5 30.Re1 Ng6 31.Rg4 Bg7 32.h4 Kh8 33.Rge4 Qg8 34.h5 Nf8 35.Re7 Nh7 36.Qxf7
Qxf7 37.Rxf7 Bc3 38.Ree7 Nf6 39.Rxc7 { ...1-0, Sherzer Alex 2500 - Lesiege
Alexandre 2485 , Biel 1993 Izt } ) 20.e5 ( 20.cxd4 dxe4 21.Nxe4 Bg7 22.Qf3
Bxe4 23.Bxe4 Rb8 24.Bc6 Re6 25.d5 Re5 26.Bf4 Nh7 27.Qg3 Qe7 28.Kf1 Rd8 29.Bxd7
Rxe1+ 30.Rxe1 Qxd7 31.Bh6 f6 32.Rc1 Rc8 33.d6 Ng5 34.Bxg7 cxd6 35.Rxc8+ Qxc8
36.Kg1 Kxg7 37.h4 Qc5 38.hxg5 fxg5 39.Kh2 Kf6 { ...1/2-1/2, Shomoev Anton 2525
- Yurtaev Leonid 2519 , Moscow 21. 2.2005 It (open) "Aeroflot" (b) } )
20...Rxe5 21.Rxe5 Nxe5 22.cxd4 { +0.04 CAP } ( 22.Qxd4 Qd6 23.Re1 Ne4 24.Bf4
Re8 25.Re3 Qe6 26.Nxe4 dxe4 27.Bxe4 Bxe4 28.Qxe4 Bg7 29.c4 bxc4 30.bxc4 Nxc4
31.Qxe6 fxe6 32.Rg3 Re7 33.Bh6 Kf8 34.Bxg7+ Rxg7 35.Rc3 Nb6 36.Ra3 c5 37.Rxa6
Rb7 38.a4 c4 39.a5 Nd5 40.Rxe6 c3 41.Rc6 Rc7 { ...0-1, Navara David 2646 -
Socko Bartosz 2610 , Greece 8. 7.2005 Ch Greece (team) } ) 22...Ned7 { N } (
22...Nc6 23.Nh5 Be7 24.Bxf6 Bxf6 25.Qd3 Bxd4 26.Qh7+ Kf8 27.Qh6+ Ke8 28.Re1+
Ne7 29.Ng7+ Kd7 30.Nf5 Nc6 31.Nxd4 Nxd4 32.Qf4 Nxc2 33.Qxf7+ Kc6 34.Qg6+ Kc5
35.Qxc2+ Kb6 36.Re6+ c6 37.b4 Rc8 38.Qc5+ Kc7 39.f4 Kb8 40.f5 Rc7 41.f6 Rd7
42.Qd4 { ...0-1, Fedorov Alexei 2616 - Inarkiev Ernesto 2577 , Sochi 28.
4.2005 Ch Russia (club) } ) 23.Qf3 Qe7 24.Bf5 { ?! } ( 24.Nh5 { !? } 24...Bg7
25.Nxg7 Kxg7 26.Qg3 Qe6 27.Bxf6+ Kxf6 28.Qf3+ Ke7 29.Bf5 Qf6 30.Re1+ Kf8 { } )
24...Qd6 25.Bf4 Qe7 26.Rc1 c6 { ?! } ( 26...c5 { !? } 27.Bg5 Qd6 28.dxc5 Qc6
29.Nh5 Kh8 30.b4 Re8 31.Bxd7 Nxd7 32.Qxf7 Qe6 33.Qf4 Qe2 { } ) 27.Bg5 Qd6
28.Nh5 Bg7 29.Nxg7 Kxg7 30.Bf4 Qe7 31.Qg3+ Kh8 32.Qh4+ Kg8 33.Bxd7 Qxd7
34.Qxf6 Qe6 35.Qg5+ { } {#r} 1-0

[Event "Ch Finland (team) 2006/07"]
[Site "masterchessopen.com Finland"]
[Date "2006.09.17"]
[Round "2"]
[White "Saastamoinen Aarne (FIN)"]
[Black "Sammalvuo Niina (FIN)"]
[Result "0-1"]
[WhiteElo "2175"]
[BlackElo "2259"]

1.e4 e5 2.Nf3 Nc6 3.Bb5 a6 4.Ba4 Nf6 5.O-O Be7 6.Re1 b5 7.Bb3 d6 8.c3 O-O 9.h3
Nb8 10.d4 Nbd7 11.a4 Bb7 12.Bc2 Re8 13.b3 Bf8 14.Nbd2 d5 15.dxe5 Nxe4 16.Nxe4
dxe4 17.Bxe4 Bxe4 18.Rxe4 Nxe5 19.Qxd8 Nxf3+ 20.gxf3 Rexd8 21.Bf4 c6 22.c4 f5
23.Re6 bxc4 24.bxc4 Rd4 25.Be3 Rxc4 26.Rc1 Rxc1+ 27.Bxc1 Rc8 28.Re5 g6 29.Kf1
Kf7 30.Be3 Bd6 31.Ra5 Ra8 32.Bb6 Ke6 33.f4 c5 {#R} 0-1

[Event "It (open)"]
[Site "masterchessopen.com Los Angeles (USA)"]
[Date "2006.10.08"]
[Round "5"]
[White "Ginzburg Mikhail (BLR)"]
[Black "Sakurai Eric (USA)"]
[Result "1-0"]
[WhiteElo "2259"]
[BlackElo "2022"]

1.e4 e5 2.Nf3 Nc6 3.Bb5 a6 4.Ba4 Nf6 5.O-O Be7 6.Re1 b5 7.Bb3 d6 8.c3 O-O 9.h3
Nb8 10.d4 Nbd7 11.Nbd2 Bb7 12.Bc2 Re8 13.Nf1 Bf8 14.Ng3 g6 15.Bg5 h6 16.Bd2
Bg7 17.a4 c5 18.d5 c4 19.Nh2 Nc5 20.Be3 Qc7 21.Ng4 Nxg4 22.hxg4 Qd7 23.f3 Rab8
24.Kf2 Ba8 25.a5 Rec8 26.Rh1 Qa7 27.Qd2 Rb7 28.Kf1 Qb8 29.Bxh6 Bf6 30.Nf5 gxf5
31.gxf5 b4 32.Qf2 Bg7 33.f6 {#r} 1-0

[Event "Ch World (juniors) (under 20)"]
[Site "masterchessopen.com Yerevan (Armenia)"]
[Date "2006.10.11"]
[Round "8"]
[White "Stellwagen Daniel (NED)"]
[Black "Li Chao (CHN)"]
[Result "1-0"]
[WhiteElo "2576"]
[BlackElo "2508"]

1.e4 e5 2.Nf3 Nc6 3.Bb5 a6 4.Ba4 Nf6 5.O-O Be7 6.Re1 b5 7.Bb3 d6 8.c3 O-O 9.h3
Nb8 10.d4 Nbd7 11.Nbd2 Bb7 12.Bc2 c5 13.d5 c4 14.Nf1 Qc7 15.g4 Rfb8 16.Ng3 a5
17.Kh2 Ne8 18.Nf5 Bf8 19.Rg1 Nc5 20.g5 Bc8 21.h4 b4 22.h5 g6 23.Nh6+ Bxh6
24.gxh6 Nf6 25.Nh4 Qd7 26.Qf3 Nxh5 27.Rg5 Nf4 28.Bxf4 exf4 29.Qxf4 Qe7 30.e5
Rb6 31.Bxg6 hxg6 32.Nxg6 fxg6 33.Rxg6+ Kh8 34.exd6 Rxd6 35.Qd4+ {#r} 1-0

[Event "Memorial Vasylyshyn (cat.8)"]
[Site "masterchessopen.com Lvov (Ukraine)"]
[Date "2006.10.13"]
[Round "10"]
[White "Oleksienko Mikhailo (UKR)"]
[Black "Kozakov Mikhail (UKR)"]
[Result "1-0"]
[WhiteElo "2530"]
[BlackElo "2456"]

{ Kozakov Mikhail (UKR) +1 =0 -0 } 1.e4 e5 2.Nf3 Nc6 3.Bb5 a6 4.Ba4 Nf6 5.O-O
Be7 6.Re1 b5 7.Bb3 d6 8.c3 O-O 9.h3 Nb8 10.d4 Nbd7 11.Nbd2 Bb7 12.Bc2 Re8
13.Nf1 Bf8 14.Ng3 g6 15.b3 Bg7 16.d5 { ?/= } 16...Qe7 ( 16...Rc8 17.c4 c6
18.Bd2 a5 19.Be3 Qc7 20.Bd3 bxc4 21.bxc4 Ba6 22.Bf1 Nc5 23.Bxc5 dxc5 24.Rb1
Bh6 25.Qc2 Rb8 26.Rxb8 Rxb8 27.dxc6 Bf4 28.Ne2 Qxc6 29.Nxf4 exf4 30.Qd2 Re8
31.e5 Nh5 32.Qxa5 Bb7 33.Nh2 f3 34.Nxf3 Nf4 35.Qd2 Ne6 36.Ng5 { ...1/2-1/2,
Anand Viswanathan 2781 - Ponomariov Ruslan 2710 , Cap d'Agde 2003 It (active)
(knockout) } ) 17.Be3 ( 17.c4 c6 18.Be3 Rec8 19.Rc1 a5 20.Qd2 bxc4 21.bxc4
cxd5 22.cxd5 Nc5 23.Bd3 h5 24.Bxc5 dxc5 25.Qg5 Rc7 26.Nf1 Rac8 27.N1d2 Ne8
28.Qxe7 Rxe7 29.Nc4 Ba6 30.Nfxe5 Bxe5 31.Nxe5 c4 32.Bxc4 Rxe5 33.Bxa6 Rxc1
34.Rxc1 Rxe4 35.f3 Re5 36.Rc5 h4 { ...1-0, Leko Peter 2751 - Short Nigel D
2673 , Wijk aan Zee 25. 1.2005 It (cat.19) } ) 17...c6 ( 17...c5 18.a4 bxa4
19.Rxa4 Reb8 20.Bd3 Bc8 21.Nd2 Nb6 22.Ra5 Ne8 23.b4 cxb4 24.cxb4 Nc7 25.Qc2
Rb7 26.Rc1 Nd7 27.Ra3 Nf6 28.Rc3 Nfe8 29.Nb3 f5 30.Na5 f4 31.Nxb7 fxe3 32.Rxc7
exf2+ 33.Kf1 Nxc7 34.Qxc7 Bd7 35.Qxd6 Qg5 36.Ne2 Bg4 37.hxg4 { ...1-0,
Zhigalko Sergei 2487 - Kryschilovskij Andrej 2357 , Pardubice 22. 7.2006 It
(open) } ) 18.c4 Rec8 ( 18...cxd5 19.cxd5 Rec8 20.Qd2 Rc7 21.b4 Rcc8 22.a4
bxa4 23.Bxa4 Rc4 24.Bc2 Qd8 25.Bd3 Rcc8 26.Bg5 a5 27.bxa5 Nc5 28.Reb1 Ra7
29.Be3 Nfd7 30.Bb5 Rca8 31.Qb4 Bc8 32.Bxd7 Bxd7 33.Bxc5 dxc5 34.Qxc5 Bf8
35.Qc3 f6 36.Rb6 Qxb6 37.axb6 Rxa1+ 38.Kh2 { ...1-0, Dunis Aurelien 2461 -
Bujisho Benjamin 2385 , Nice 2003 It (open) } ) 19.Qd2 ( 19.Nd2 a5 20.cxb5
cxd5 21.Rc1 h6 22.exd5 Nxd5 23.Nc4 Nxe3 24.Nxe3 Rc5 25.Be4 Rxb5 26.Bxb7 Rxb7
27.Ne4 Nf6 28.Nxf6+ Qxf6 29.Qd5 Rbb8 30.Rc7 a4 31.b4 a3 32.Rec1 Qe6 33.Qxe6
fxe6 34.Rd7 Rd8 35.Re7 Re8 36.Rxe8+ Rxe8 37.Rc6 Rb8 38.Nc2 Bf8 { ...1/2-1/2,
Svidler Peter 2735 - Harikrishna P 2612 , Internet 15. 4.2004 It (blitz) ACP
(Prelim4) } ) ( 19.Rc1 a5 20.Qd2 bxc4 21.bxc4 cxd5 22.cxd5 Nc5 23.Bd3 h5
24.Bxc5 dxc5 25.Qg5 Rc7 26.Nf1 Rac8 27.N1d2 Ne8 28.Qxe7 Rxe7 29.Nc4 Ba6
30.Nfxe5 Bxe5 31.Nxe5 c4 32.Bxc4 Rxe5 33.Bxa6 Rxc1 34.Rxc1 Rxe4 35.f3 Re5
36.Rc5 h4 37.d6 { 1-0, Leko Peter 2751 - Short Nigel D 2673 , Wijk aan Zee 25.
1.2005 It (cat.19) } ) ( 19.Rb1 a5 20.Bd3 bxc4 21.bxc4 Ba6 22.Re2 Nc5 23.Bxc5
dxc5 24.Rc2 cxd5 25.cxd5 c4 26.Bf1 Ne8 27.Rb6 Nd6 28.Nd2 Bh6 29.Qb1 Qd8 30.Be2
Rcb8 31.Rxb8 Rxb8 32.Qa1 Nb5 33.Qxe5 Na3 34.Rb2 Rc8 35.Qd4 Nb5 36.Rxb5 Bxb5
37.Nxc4 Bg7 38.e5 Bxc4 { ...0-1, Hanley Craig 2396 - Harikrishna P 2612 ,
Edinburgh 2003 Ch Great Britain } ) 19...a5 { +0.68 CAP } 20.Rab1 { N } (
20.Rac1 bxc4 ( 20...Nc5 21.Bxc5 dxc5 22.dxc6 Bxc6 23.cxb5 Bxb5 24.a4 Bc6
25.Bd3 Nd7 26.Nf1 Rcb8 27.Rc3 Rb4 28.Ne3 Kh8 29.Nc4 Nf8 30.Bc2 f6 31.Qd6 Qxd6
32.Nxd6 Ne6 33.Bd3 Bf8 34.Bb5 Bxb5 35.Nxb5 Nd4 36.Nfxd4 cxd4 37.Rf3 Rc8
38.Rxf6 Rxb3 39.Re6 d3 { ...0-1, Efimenko Zahar 2594 - Socko Bartosz 2570 ,
Hastings 31.12.2004 It } ) 21.bxc4 cxd5 22.cxd5 Nc5 23.Bd3 h5 24.Bxc5 dxc5
25.Qg5 Rc7 26.Nf1 Rac8 27.N1d2 Ne8 28.Qxe7 Rxe7 29.Nc4 Ba6 30.Nfxe5 Bxe5
31.Nxe5 c4 32.Bxc4 Rxe5 33.Bxa6 Rxc1 34.Rxc1 Rxe4 35.f3 Re5 36.Rc5 h4 37.d6 {
1-0, Leko Peter 2751 - Short Nigel D 2673 , Wijk aan Zee 25. 1.2005 It
(cat.19) } ) 20...bxc4 21.bxc4 Ba6 22.Ba4 cxd5 23.cxd5 Qd8 24.Bc6 Rab8 25.Ba7
Rxb1 26.Rxb1 h5 27.Be3 Rb8 28.Rc1 Rb4 29.Qe1 Nxe4 30.a3 Nxg3 31.axb4 Ne2+
32.Kh1 Nxc1 33.Bxc1 axb4 34.Qxb4 Nf6 35.Bg5 Qc7 36.Qa3 Bc8 37.Qa8 Nh7 { ? } (
37...Ne4 38.Be3 Bf6 39.Nd2 Nxd2 40.Bxd2 Bd8 41.Kh2 Kg7 42.f4 Bf5 43.fxe5 dxe5
44.Be3 Bd3 { } ) 38.Bd2 { } {#r} 1-0